000 00794nam a2200277 i 4500
001 40514
003 ES-MaACL
005 20250720041555.0
007 t|
008 030306s1984 sp ||||1| spa d
017 _aM 40467-1984
020 _a8486280109
040 _cES-MaACL
100 0 _aCarrión, Ignacio
_935798
_eaut
245 1 0 _aMadrid, ombligo de España /
_cIgnacio Carrión.
250 _a1ª ed.
260 _aMadrid :
_bAvapiés,
_c1984.
300 _a190 páginas :
_bil. ;
_c20 cm.
490 1 _aColección Avapiés ;
_v11
651 4 _98939
_aMadrid
830 0 0 _aAvapiés
_v11
_9178596
852 _aES-MaACL
_jL-9985
_bR.111264
_cDEPO2
_xEncuadernación rústica
942 _cMONOGRAFIA
_n0
999 _c40514
_d40514